Legal aspects in procurement and supply (UK). / (Record no. 7547)
[ view plain ]
| 000 -LEADER | |
|---|---|
| fixed length control field | 01364nam a22002297a 4500 |
| 003 - CONTROL NUMBER IDENTIFIER | |
| control field | OSt |
| 005 - DATE AND TIME OF LATEST TRANSACTION | |
| control field | 20220608145439.0 |
| 008 - FIXED-LENGTH DATA ELEMENTS--GENERAL INFORMATION | |
| fixed length control field | 120524t xxu||||| |||| 00| 0 eng d |
| 020 ## - INTERNATIONAL STANDARD BOOK NUMBER | |
| International Standard Book Number | 9781861242433 |
| 040 ## - CATALOGING SOURCE | |
| Transcribing agency | LC |
| 050 ## - LIBRARY OF CONGRESS CALL NUMBER | |
| Classification number | HF5437.U6.C48 |
| 110 ## - MAIN ENTRY--CORPORATE NAME | |
| Corporate name or jurisdiction name as entry element | CIPS |
| 245 ## - TITLE STATEMENT | |
| Title | Legal aspects in procurement and supply (UK). / |
| Statement of responsibility, etc. | CIPS |
| 260 ## - PUBLICATION, DISTRIBUTION, ETC. | |
| Place of publication, distribution, etc. | Maidenhead, England: |
| Name of publisher, distributor, etc. | Profex, |
| Date of publication, distribution, etc. | 2012. |
| 300 ## - PHYSICAL DESCRIPTION | |
| Extent | 2 vols. : |
| Other physical details | ill; |
| 440 ## - SERIES STATEMENT/ADDED ENTRY--TITLE | |
| Title | CIPS study matters, |
| Number of part/section of a work | Optional Unit 6. |
| 500 ## - GENERAL NOTE | |
| General note | Professional Diploma in procurement and supply: revision notes |
| 505 ## - FORMATTED CONTENTS NOTE | |
| Formatted contents note | Contents: Overview of English law -- Contracts and contract terms -- Offer and acceptance -- Consideration -- Intention, capacity and form -- Void and unenforceable contracts -- Discharge of contract -- Remedies for non-performance -- The settlement of commercial disputes -- Express terms of contract -- Implied terms: sale of goods -- Transfer of property, risk and title -- Remedies for breach in sale of goods contracts -- Implied terms: supply of goods and services -- Agency and bailment -- Assignment and subcontracting -- Negligence -- The EUU procurement directives -- Intellectual property law -- Employment law -- The law on competition, bribery and corruption -- |
| 650 ## - SUBJECT ADDED ENTRY--TOPICAL TERM | |
| Topical term or geographic name entry element | Industrial procurement -- management |
| 650 ## - SUBJECT ADDED ENTRY--TOPICAL TERM | |
| Topical term or geographic name entry element | Business logistics |
| Form subdivision | Legal aspects |
| 942 ## - ADDED ENTRY ELEMENTS (KOHA) | |
| Source of classification or shelving scheme | Library of Congress Classification |
| Koha item type | Books |
| Withdrawn status | Lost status | Source of classification or shelving scheme | Damaged status | Not for loan | Home library | Current library | Shelving location | Date acquired | Source of acquisition | Full call number | Barcode | Date last seen | Price effective from | Koha item type |
|---|---|---|---|---|---|---|---|---|---|---|---|---|---|---|
| Library of Congress Classification | WISCONSIN INTERNATIONAL UNIVERSITY COLLEGE, GHANA KUMASI LIBRARY | WISCONSIN INTERNATIONAL UNIVERSITY COLLEGE, GHANA KUMASI LIBRARY | General Stacks | 20/11/2019 | STM | HF5437.U6.C48 | K/2666/2666/19 | 24/07/2020 | 24/07/2020 | Books |
